000 01293cam a2200337 a 4500
001 1652811
003 OSt
005 20150522183840.0
008 970610s1998 paua b 001 0 eng c
010 _a 97017954
020 _a1573401110
040 _aDNLM/DLC
_cDLC
_dDLC
050 0 0 _aRC682
_b.A818 1998 vol. 1
_aRC685.H8
060 1 0 _aWG 17 A8816 1998 v.1
082 0 0 _aWG 17 A8816 1998
_221
245 0 0 _aHypertension :
_bmechanisms and therapy /
_cvolume editor, Norman K. Hollenberg.
250 _a2nd ed.
260 _aPhiladelphia :
_bCurrent Medicine,
_cc1998.
300 _a1 v. (various pagings) :
_bill. (some col.) ;
_c31 cm.
490 1 _aAtlas of heart diseases ;
_vv. 1
504 _aIncludes bibliographical references and index.
650 0 _aHypertension
_xAtlases.
_94872
650 1 2 _aHypertension
_xphysiopathology
_xatlases.
_94873
650 1 2 _aHypertension
_xtherapy
_xatlases.
_94874
700 1 _aHollenberg, Norman K.
_94875
830 0 _aAtlas of heart diseases (2nd ed.) ;
_vv. 1.
_94876
906 _a7
_bcbc
_corignew
_d1
_eocip
_f19
_gy-gencatlg
942 _2z
_cSLOAN
999 _c1855
_d1855